Handelspolitik gegen kinderarbeit?: die begrenzte wirksamkeit von sozialklauseln /
Gardado en:
| Autor Principal: | |
|---|---|
| Formato: | Texto |
| Etiquetas: |
Engadir etiqueta
Sen Etiquetas, Sexa o primeiro en etiquetar este rexistro!
|
MARC
| LEADER | 00000 a a2200000 04500 | ||
|---|---|---|---|
| 001 | 47889 | ||
| 003 | |||
| 040 | |||
| 100 | |a Kuschnereit, Julia | ||
| 245 | |a Handelspolitik gegen kinderarbeit?: |b die begrenzte wirksamkeit von sozialklauseln / |c Julia Kuschnereit | ||
| 773 | |g número3, (2001), páginas 287-302 | ||
| 999 | |c 34030 |d 34030 | ||
